000 00291 a2200145 4500
001 167375
020 _a
040 _cMagnum
100 _aDemo, Pedro
240 1 0 _aPobreza politica
_lpor
245 1 0 _aPobreza politica
362 0 _a1899
697 _aORGANIZACAO SOCIAL
942 _cBK
999 _c167375
_d167375